[Event "Szuperliga - GM Szabo Laszlo csoport"]
[Site "Biatorbagy"]
[Date "2024.12.14"]
[Round "3.7"]
[White "Markus, Robert"]
[Black "Toth, Ervin"]
[Result "1-0"]
[WhiteElo "2591"]
[BlackElo "2406"]
[PlyCount "59"]
[GameId "2123348793397499"]
[EventDate "2024.11.02"]
[EventType "team-tourn"]
[EventRounds "9"]
[EventCountry "HUN"]
[Source "chess.hu"]
[WhiteTeam "Tuxera ANSK"]
[BlackTeam "Viadukt Biatorbagy"]
[WhiteTeamCountry "HUN"]
[BlackTeamCountry "HUN"]

1. c4 g6 2. Nc3 Bg7 3. g3 d6 4. Bg2 e5 5. e4 Ne7 6. Nge2 Be6 7. d4 Qc8 8. Nd5 Nec6 9. Be3 O-O 10. O-O Na6 11. Qd2 Qd7 12. Rac1 Bh3 13. f3 Bxg2 14. Kxg2 f5 15. exf5 Qxf5 16. dxe5 Qxe5 17. Nec3 Rae8 18. Rce1 Qf5 19. g4 Qd7 20. Bh6 Ne5 21. Bxg7 Qxg7 22. Ne4 Kh8 23. Nef6 Re6 24. f4 Nxc4 25. Qc3 Rxe1 26. Rxe1 Nb6 27. Re7 Nxd5 28. Rxg7 Rxf6 29. Qd4 Nc5 30. Re7 1-0

[Event "Szuperliga - GM Szabo Laszlo csoport"]
[Site "Biatorbagy"]
[Date "2024.12.14"]
[Round "3.8"]
[White "Torma, Robert"]
[Black "Aczel, Gergely"]
[Result "1/2-1/2"]
[WhiteElo "2419"]
[BlackElo "2485"]
[PlyCount "122"]
[GameId "2123348832313611"]
[EventDate "2024.11.02"]
[EventType "team-tourn"]
[EventRounds "9"]
[EventCountry "HUN"]
[Source "chess.hu"]
[WhiteTeam "Viadukt Biatorbagy"]
[BlackTeam "Tuxera ANSK"]
[WhiteTeamCountry "HUN"]
[BlackTeamCountry "HUN"]

1. d4 Nf6 2. c4 e6 3. Nf3 d5 4. g3 Bb4+ 5. Bd2 Be7 6. Bg2 O-O 7. O-O c6 8. Nc3 dxc4 9. a4 a5 10. e4 Nbd7 11. Bf4 Re8 12. Qe2 b6 13. Rfd1 Ba6 14. Nd2 b5 15. axb5 Bxb5 16. Nxc4 Ba6 17. b3 Nb6 18. Qa2 Bb4 19. Na4 Nxa4 20. bxa4 Rc8 21. Rac1 h6 22. Ne5 Qb6 23. Be3 c5 24. Nc4 Bxc4 25. Rxc4 Ng4 26. dxc5 Bxc5 27. Bxc5 Rxc5 28. Rxc5 Qxc5 29. Qe2 Ne5 30. Qb5 Qxb5 31. axb5 Kf8 32. Ra1 Ra8 33. b6 Rb8 34. Rxa5 Nd7 35. e5 Rxb6 36. f4 g5 37. Ra4 Rb1+ 38. Kf2 Rb2+ 39. Kg1 Kg7 40. Rc4 Rd2 41. Bf3 Kg6 42. Be4+ Kg7 43. Bf3 Nf8 44. Bh5 Rd7 45. Kg2 Rd2+ 46. Kg1 Rd7 47. Kg2 Ng6 48. Bxg6 Kxg6 49. fxg5 hxg5 50. g4 Rd2+ 51. Kg3 Re2 52. Rc5 Kg7 53. h3 Re3+ 54. Kg2 Kg6 55. Rb5 Rd3 56. Rb2 Re3 57. Rb5 f6 58. exf6 Kxf6 59. Ra5 Rd3 60. Rb5 Rd5 61. Rb3 Kg6 1/2-1/2

[Event "Szuperliga - GM Szabo Laszlo csoport"]
[Site "Biatorbagy"]
[Date "2024.12.14"]
[Round "3.9"]
[White "Palczert, Matyas"]
[Black "Szikszai, Bertalan"]
[Result "1/2-1/2"]
[WhiteElo "2381"]
[BlackElo "2274"]
[PlyCount "175"]
[GameId "2123348866871579"]
[EventDate "2024.11.02"]
[EventType "team-tourn"]
[EventRounds "9"]
[EventCountry "HUN"]
[Source "chess.hu"]
[WhiteTeam "Tuxera ANSK"]
[BlackTeam "Viadukt Biatorbagy"]
[WhiteTeamCountry "HUN"]
[BlackTeamCountry "HUN"]

1. e4 c5 2. Nf3 d6 3. d4 cxd4 4. Nxd4 Nf6 5. Nc3 a6 6. f3 e5 7. Nb3 Be6 8. Be3 h5 9. Nd5 Bxd5 10. exd5 Nbd7 11. Qd2 g6 12. O-O-O Nb6 13. Kb1 Nbxd5 14. Bg5 Be7 15. Bd3 Qc7 16. Rhe1 O-O-O 17. c4 Nb6 18. Bxf6 Bxf6 19. Na5 Kb8 20. Rc1 Ka7 21. Be4 Rb8 22. Qe3 Be7 23. Ka1 f5 24. Bd5 Ka8 25. Qa3 Rhc8 26. Be6 Rd8 27. Kb1 Bg5 28. Rcd1 Ka7 29. Qb4 Be7 30. Qd2 Na4 31. Bd5 Bf6 32. b3 Nb6 33. Rc1 Nd7 34. b4 Qb6 35. a3 Re8 36. Bf7 Re7 37. Bd5 Nc5 38. Ka2 Ne6 39. Bxe6 Rxe6 40. c5 dxc5 41. bxc5 Qd8 42. Qb4 Qd5+ 43. Nb3 Rd8 44. Rcd1 Qc6 45. a4 Ree8 46. Na5 Qc7 47. Rb1 Rb8 48. Red1 Be7 49. Rd5 Red8 50. Rxd8 Bxd8 51. Nc4 e4 52. fxe4 fxe4 53. Nd6 Be7 54. Nxe4 Rd8 55. Qc4 Qd7 56. Rb3 Qd4 57. Qb4 Qxb4 58. Rxb4 Rd5 59. Rc4 Re5 60. Kb3 Kb8 61. Kc3 Kc7 62. Kd4 Rf5 63. Rb4 Bf8 64. Rb1 Bg7+ 65. Kc4 Bf8 66. a5 Re5 67. Kd4 Bg7 68. Kd3 Rd5+ 69. Ke2 Bf8 70. Rb6 Bxc5 71. Rxg6 Bg1 72. Rg7+ Kc6 73. Rg6+ Kc7 74. Rg7+ Kb8 75. h4 Rxa5 76. Nd6 Ra2+ 77. Kd3 Rb2 78. Rh7 Bh2 79. Nc4 Rxg2 80. Rxh5 b5 81. Ne3 Rg6 82. Rh7 Rd6+ 83. Ke4 Re6+ 84. Kd3 Kc8 85. h5 Bf4 86. Nf5 Kd8 87. h6 Bxh6 88. Rxh6 1/2-1/2

[Event "Szuperliga - GM Szabo Laszlo csoport"]
[Site "Biatorbagy"]
[Date "2024.12.14"]
[Round "3.10"]
[White "Toth-Goczo, Melinda"]
[Black "Gara, Anita"]
[Result "1-0"]
[WhiteElo "2174"]
[BlackElo "2348"]
[PlyCount "113"]
[GameId "2123348910866731"]
[EventDate "2024.11.02"]
[EventType "team-tourn"]
[EventRounds "9"]
[EventCountry "HUN"]
[Source "chess.hu"]
[WhiteTeam "Viadukt Biatorbagy"]
[BlackTeam "Tuxera ANSK"]
[WhiteTeamCountry "HUN"]
[BlackTeamCountry "HUN"]

1. d4 Nf6 2. c4 g6 3. Nf3 Bg7 4. g3 O-O 5. Bg2 d6 6. O-O Nc6 7. Nc3 e5 8. dxe5 dxe5 9. Bg5 Be6 10. Qa4 Qb8 11. Rad1 Nd7 12. Qc2 Qe8 13. Nd5 Rc8 14. h3 h6 15. Be3 f5 16. b4 g5 17. b5 Nd8 18. Bc1 c6 19. bxc6 bxc6 20. Nc3 Nb6 21. c5 Nc4 22. Nd2 Qf7 23. Nxc4 Bxc4 24. Rd6 Nb7 25. Rxc6 Rxc6 26. Bxc6 Nxc5 27. Rd1 Rc8 28. Bd5 Bxd5 29. Nxd5 Bf8 30. Ba3 Qe6 31. Qc4 Kg7 32. Rc1 Rd8 33. Ne3 Qxc4 34. Rxc4 f4 35. Bxc5 Bxc5 36. Rxc5 fxe3 37. Rc7+ Kg6 38. Rxa7 Rd1+ 39. Kg2 exf2 40. Kxf2 Ra1 41. Ra6+ Kf5 42. g4+ Ke4 43. a4 Ra3 44. Rxh6 Rxa4 45. Rg6 Ra3 46. Rxg5 Rxh3 47. Rh5 Ra3 48. Rf5 Rb3 49. Rf8 Ra3 50. g5 Ra7 51. g6 Rg7 52. Rf6 Kd4 53. Kf3 Rg8 54. Kg4 e4 55. Kf4 Re8 56. g7 Rg8 57. Rf7 1-0

[Event "Szuperliga - GM Szabo Laszlo csoport"]
[Site "Ajka"]
[Date "2024.12.15"]
[Round "4.1"]
[White "Fedoseev, Vladimir"]
[Black "Sarana, Alexey"]
[Result "1-0"]
[WhiteElo "2709"]
[BlackElo "2674"]
[PlyCount "55"]
[GameId "2123416616544491"]
[EventDate "2024.11.02"]
[EventType "team-tourn"]
[EventRounds "9"]
[EventCountry "HUN"]
[Source "chess.hu"]
[WhiteTeam "Tuxera ANSK"]
[BlackTeam "Sentimento Ajka BSK"]
[WhiteTeamCountry "HUN"]
[BlackTeamCountry "HUN"]

1. d4 Nf6 2. c4 e6 3. Nf3 d5 4. Nc3 Nbd7 5. Bf4 Bb4 6. cxd5 exd5 7. e3 Ne4 8. Qc2 c5 9. Bd3 Ndf6 10. Ne5 O-O 11. O-O Bxc3 12. bxc3 g5 13. f3 gxf4 14. fxe4 dxe4 15. Bxe4 fxe3 16. Rf3 cxd4 17. Raf1 Qc7 18. Bxh7+ Kh8 19. cxd4 Qxc2 20. Bxc2 e2 21. Re1 Kg7 22. Rg3+ Kh6 23. Rxe2 Be6 24. d5 Bxd5 25. Rf2 Nh5 26. Rh3 Rg8 27. Nxf7+ Bxf7 28. Rxf7 1-0

[Event "Szuperliga - GM Szabo Laszlo csoport"]
[Site "Ajka"]
[Date "2024.12.15"]
[Round "4.2"]
[White "Bacrot, Etienne"]
[Black "Volokitin, Andrei"]
[Result "1/2-1/2"]
[WhiteElo "2645"]
[BlackElo "2649"]
[PlyCount "81"]
[GameId "2123416782108923"]
[EventDate "2024.11.02"]
[EventType "team-tourn"]
[EventRounds "9"]
[EventCountry "HUN"]
[Source "chess.hu"]
[WhiteTeam "Sentimento Ajka BSK"]
[BlackTeam "Tuxera ANSK"]
[WhiteTeamCountry "HUN"]
[BlackTeamCountry "HUN"]

1. e4 c5 2. Nf3 d6 3. d4 cxd4 4. Nxd4 Nf6 5. Nc3 a6 6. Be3 e5 7. Nb3 Be7 8. f3 O-O 9. Qd2 b5 10. O-O-O Bd7 11. Kb1 Qc7 12. a3 Nc6 13. h4 Rfb8 14. Bg5 b4 15. Nd5 Nxd5 16. exd5 Nd4 17. Nxd4 exd4 18. Bxe7 bxa3 19. b3 Bf5 20. Bxd6 Qxd6 21. Bc4 Rb4 22. Ka2 Rab8 23. Rhe1 h5 24. Bd3 Qxd5 25. Bxf5 Qxf5 26. Qd3 Qc5 27. f4 Qc6 28. Re5 R4b5 29. Rde1 g6 30. R1e2 Rc5 31. Rxc5 Qxc5 32. Re5 Qd6 33. g3 Rb6 34. Re8+ Kh7 35. Rc8 Rb5 36. Qc4 Rd5 37. Rc6 Qd7 38. Rc7 Qf5 39. Kxa3 Kg7 40. Kb2 d3 41. cxd3 1/2-1/2

[Event "Szuperliga - GM Szabo Laszlo csoport"]
[Site "Ajka"]
[Date "2024.12.15"]
[Round "4.3"]
[White "Gledura, Benjamin"]
[Black "Sjugirov, Sanan"]
[Result "1-0"]
[WhiteElo "2653"]
[BlackElo "2646"]
[PlyCount "55"]
[GameId "2123416832469259"]
[EventDate "2024.11.02"]
[EventType "team-tourn"]
[EventRounds "9"]
[EventCountry "HUN"]
[Source "chess.hu"]
[WhiteTeam "Tuxera ANSK"]
[BlackTeam "Sentimento Ajka BSK"]
[WhiteTeamCountry "HUN"]
[BlackTeamCountry "HUN"]

1. c4 e6 2. Nc3 d5 3. d4 a6 4. cxd5 exd5 5. Qb3 c6 6. e4 dxe4 7. Bc4 Qe7 8. a4 Nh6 9. Nge2 g6 10. O-O Bg7 11. Ng3 O-O 12. Ncxe4 Nf5 13. Bg5 Qc7 14. Nxf5 Bxf5 15. Rfe1 b5 16. axb5 cxb5 17. Bd5 Ra7 18. Nf6+ Bxf6 19. Bxf6 Qd6 20. Be5 Qb6 21. Rac1 Nd7 22. Bf4 Nf6 23. Bc6 a5 24. d5 a4 25. Qc3 Ne4 26. Rxe4 Bxe4 27. Be3 Qb8 28. Qf6 1-0

[Event "Szuperliga - GM Szabo Laszlo csoport"]
[Site "Ajka"]
[Date "2024.12.15"]
[Round "4.4"]
[White "Banusz, Tamas"]
[Black "Balogh, Csaba"]
[Result "1/2-1/2"]
[WhiteElo "2574"]
[BlackElo "2542"]
[PlyCount "62"]
[GameId "2123416916998437"]
[EventDate "2024.11.02"]
[EventType "team-tourn"]
[EventRounds "9"]
[EventCountry "HUN"]
[Source "chess.hu"]
[WhiteTeam "Sentimento Ajka BSK"]
[BlackTeam "Tuxera ANSK"]
[WhiteTeamCountry "HUN"]
[BlackTeamCountry "HUN"]

1. d4 d5 2. Nf3 Nf6 3. c4 c6 4. Nc3 dxc4 5. a4 Bf5 6. Ne5 Nbd7 7. Nxc4 Nb6 8. Ne5 a5 9. f3 Nfd7 10. e4 Nxe5 11. dxe5 Qxd1+ 12. Nxd1 Be6 13. Nf2 g6 14. Nd3 Nd7 15. Nf4 Nxe5 16. Nxe6 fxe6 17. h4 Nd7 18. Bc4 Bg7 19. Be3 Kf7 20. O-O-O b5 21. Rxd7 bxc4 22. Bf4 c5 23. Kc2 Bd4 24. Rb7 e5 25. Bd2 Rhb8 26. Rxb8 Rxb8 27. Rb1 Ke6 28. b3 c3 29. Bxc3 Bxc3 30. Kxc3 Rb4 31. Rh1 h6 1/2-1/2

[Event "Szuperliga - GM Szabo Laszlo csoport"]
[Site "Ajka"]
[Date "2024.12.15"]
[Round "4.5"]
[White "Kantor, Gergely"]
[Black "Prohaszka, Peter"]
[Result "1/2-1/2"]
[WhiteElo "2550"]
[BlackElo "2551"]
[PlyCount "78"]
[GameId "2123416989518130"]
[EventDate "2024.11.02"]
[EventType "team-tourn"]
[EventRounds "9"]
[EventCountry "HUN"]
[Source "chess.hu"]
[WhiteTeam "Tuxera ANSK"]
[BlackTeam "Sentimento Ajka BSK"]
[WhiteTeamCountry "HUN"]
[BlackTeamCountry "HUN"]

1. e4 e5 2. Nf3 Nc6 3. Bc4 Nf6 4. d3 Be7 5. O-O O-O 6. Nc3 d6 7. a4 Rb8 8. Re1 Be6 9. Bxe6 fxe6 10. Ne2 d5 11. Ng3 Nd7 12. c3 a5 13. d4 exd4 14. Nxd4 Nxd4 15. cxd4 Bb4 16. Re2 Qf6 17. Be3 c6 18. Qd3 Qg6 19. Bd2 h5 20. Bxb4 axb4 21. Rd1 Rbe8 22. exd5 Qxd3 23. Rxd3 exd5 24. Rb3 h4 25. Rxe8 Rxe8 26. Nf1 Re1 27. Rxb4 Nf8 28. f3 Re2 29. Rxb7 Ne6 30. a5 Nf4 31. a6 Rxg2+ 32. Kh1 Rf2 33. Ne3 Re2 34. Kg1 Re1+ 35. Kf2 Nd3+ 36. Kg2 Nf4+ 37. Kf2 Nd3+ 38. Kg2 Nf4+ 39. Kf2 Nd3+ 1/2-1/2

[Event "Szuperliga - GM Szabo Laszlo csoport"]
[Site "Ajka"]
[Date "2024.12.15"]
[Round "4.6"]
[White "Balog, Imre"]
[Black "Antal, Gergely"]
[Result "1/2-1/2"]
[WhiteElo "2609"]
[BlackElo "2544"]
[PlyCount "229"]
[GameId "2123417024055618"]
[EventDate "2024.11.02"]
[EventType "team-tourn"]
[EventRounds "9"]
[EventCountry "HUN"]
[Source "chess.hu"]
[WhiteTeam "Sentimento Ajka BSK"]
[BlackTeam "Tuxera ANSK"]
[WhiteTeamCountry "HUN"]
[BlackTeamCountry "HUN"]

1. c4 Nf6 2. Nf3 g6 3. Nc3 d5 4. cxd5 Nxd5 5. Qb3 Nb6 6. d4 Bg7 7. e4 O-O 8. Be3 c6 9. Qc2 Be6 10. b3 a5 11. h3 a4 12. Rb1 axb3 13. axb3 Na6 14. Bxa6 Rxa6 15. O-O Qd6 16. Rfd1 h6 17. Ne5 Kh7 18. Nd3 Bc8 19. Nc5 Ra8 20. Ne2 Qd8 21. b4 Nd7 22. Nb3 Nb8 23. Na5 Na6 24. Nc4 Nc7 25. Nb6 Ra6 26. d5 Nb5 27. dxc6 Qc7 28. Nd5 Qxc6 29. Qxc6 bxc6 30. Nxe7 Ra2 31. Rd2 Rxd2 32. Bxd2 Bb7 33. Rc1 Ra8 34. Kf1 Bb2 35. Rc2 Ra1+ 36. Bc1 Bxc1 37. Rxc1 Rxc1+ 38. Nxc1 Nc3 39. Nb3 Ba6+ 40. Ke1 Nxe4 41. Nxc6 Kg7 42. Nbd4 Nd6 43. h4 g5 44. hxg5 hxg5 45. g4 Bb7 46. Ke2 f5 47. gxf5 Kf6 48. Ke3 Nc4+ 49. Ke4 Nd6+ 50. Kd5 Nxf5 51. b5 Nh6 52. Kd6 Ng4 53. Kc7 Nxf2 54. Kxb7 Ne4 55. b6 g4 56. Ka8 Nc5 57. Nb3 g3 58. Nxc5 g2 59. Ne4+ Kg7 60. b7 g1=Q 61. b8=Q Qa1+ 62. Na7 Kg6 63. Qf4 Qh8+ 64. Kb7 Qg7+ 65. Kc6 Qxa7 66. Qg5+ Kf7 67. Nd6+ Kf8 68. Qd8+ Kg7 69. Nf5+ Kg6 70. Ne7+ Kh5 71. Qd5+ Kg4 72. Qg2+ Kf4 73. Nd5+ Kf5 74. Qf3+ Kg6 75. Qg4+ Kf7 76. Qf5+ Kg7 77. Qg5+ Kh8 78. Qd8+ Kg7 79. Qf6+ Kh7 80. Qh4+ Kg7 81. Qg4+ Kh8 82. Qh5+ Kg7 83. Qe5+ Kh7 84. Qh5+ Kg7 85. Qg5+ Kh8 86. Qh6+ Qh7 87. Qf6+ Qg7 88. Qh4+ Qh7 89. Qd4+ Qg7 90. Nf6 Qg2+ 91. Kd6 Kg7 92. Nd5+ Kh7 93. Qh4+ Kg7 94. Qe7+ Kh8 95. Qf8+ Qg8 96. Qf6+ Qg7 97. Qh4+ Qh7 98. Qd4+ Qg7 99. Nf6 Qf8+ 100. Ke5 Qe7+ 101. Kf5 Qf7 102. Qh4+ Kg7 103. Qg4+ Kh8 104. Qh4+ Kg7 105. Qg5+ Kf8 106. Qg3 Qe6+ 107. Kg5 Qf7 108. Qh4 Qg7+ 109. Kf5 Qf7 110. Qg3 Qe6+ 111. Kg5 Qf7 112. Qd6+ Kg7 113. Ng4 Kh8 114. Ne5 Qg7+ 115. Ng6+ 1/2-1/2

[Event "Szuperliga - GM Szabo Laszlo csoport"]
[Site "Ajka"]
[Date "2024.12.15"]
[Round "4.7"]
[White "Markus, Robert"]
[Black "Neugebauer, Martin"]
[Result "1-0"]
[WhiteElo "2591"]
[BlackElo "2519"]
[PlyCount "59"]
[GameId "2123417085843794"]
[EventDate "2024.11.02"]
[EventType "team-tourn"]
[EventRounds "9"]
[EventCountry "HUN"]
[Source "chess.hu"]
[WhiteTeam "Tuxera ANSK"]
[BlackTeam "Sentimento Ajka BSK"]
[WhiteTeamCountry "HUN"]
[BlackTeamCountry "HUN"]

1. c4 e5 2. e3 d6 3. Nc3 g6 4. g3 Bg7 5. Bg2 f5 6. Nge2 Nf6 7. d3 O-O 8. O-O a5 9. Rb1 Nc6 10. a3 Kh8 11. b4 axb4 12. axb4 Ne7 13. b5 c6 14. Bb2 Be6 15. Qd2 Qd7 16. Ra1 cxb5 17. Nxb5 Rxa1 18. Rxa1 d5 19. Bxe5 dxc4 20. Ned4 cxd3 21. Qxd3 Bd5 22. Bxd5 Nfxd5 23. Bxg7+ Kxg7 24. Nc3 Rc8 25. Nxd5 Qxd5 26. Rb1 Rc7 27. Qa3 Nc8 28. Rb5 Qe4 29. Qb2 Kh6 30. Nxf5+ 1-0

[Event "Szuperliga - GM Szabo Laszlo csoport"]
[Site "Ajka"]
[Date "2024.12.15"]
[Round "4.8"]
[White "Korpa, Bence"]
[Black "Horvath, Dominik"]
[Result "1/2-1/2"]
[WhiteElo "2540"]
[BlackElo "2542"]
[PlyCount "61"]
[GameId "2123417118980450"]
[EventDate "2024.11.02"]
[EventType "team-tourn"]
[EventRounds "9"]
[EventCountry "HUN"]
[Source "chess.hu"]
[WhiteTeam "Sentimento Ajka BSK"]
[BlackTeam "Tuxera ANSK"]
[WhiteTeamCountry "HUN"]
[BlackTeamCountry "HUN"]

1. e4 e5 2. Nf3 Nf6 3. Nc3 Nc6 4. Nd5 Bc5 5. c3 O-O 6. b4 Bb6 7. d4 Nxe4 8. Bd3 Nf6 9. Bg5 e4 10. Bc2 Qe8 11. Bxf6 exf3+ 12. Kd2 Qe2+ 13. Qxe2 fxe2 14. Bh4 d6 15. a4 Be6 16. Nf4 a5 17. b5 Nd8 18. Nxe6 Nxe6 19. Be4 Rab8 20. Rhe1 Nf4 21. Bg3 Nh5 22. Rxe2 Nxg3 23. fxg3 Rfc8 24. Bf5 Rd8 25. Rae1 g6 26. Bd3 d5 27. Re7 Kf8 28. g4 Re8 29. Rxe8+ Rxe8 30. Rxe8+ Kxe8 31. Be2 1/2-1/2

[Event "Szuperliga - GM Szabo Laszlo csoport"]
[Site "Ajka"]
[Date "2024.12.15"]
[Round "4.9"]
[White "Palczert, Matyas"]
[Black "Gaal, Zsoka"]
[Result "1-0"]
[WhiteElo "2381"]
[BlackElo "2418"]
[PlyCount "89"]
[GameId "2123417152854388"]
[EventDate "2024.11.02"]
[EventType "team-tourn"]
[EventRounds "9"]
[EventCountry "HUN"]
[Source "chess.hu"]
[WhiteTeam "Tuxera ANSK"]
[BlackTeam "Sentimento Ajka BSK"]
[WhiteTeamCountry "HUN"]
[BlackTeamCountry "HUN"]

1. e4 e6 2. d4 d5 3. Nc3 Bb4 4. Nge2 Nc6 5. a3 Ba5 6. b4 Bb6 7. Bb2 Nge7 8. Na4 dxe4 9. c4 a6 10. Nxb6 cxb6 11. Ng3 O-O 12. Qd2 Nf5 13. Nxf5 exf5 14. d5 Ne7 15. O-O-O Qd6 16. Kb1 f4 17. Qd4 Qg6 18. Ka1 Re8 19. d6 Nc6 20. Qxb6 Bd7 21. Be2 Nd8 22. h4 Ba4 23. Rc1 h6 24. h5 Qg5 25. Qd4 a5 26. d7 Re7 27. b5 Ne6 28. Qd2 Qc5 29. Bg4 f5 30. Bh3 b6 31. Qd5 Qxd5 32. cxd5 Nc5 33. Bd4 Nb3+ 34. Kb2 Nxc1 35. Rxc1 Rxd7 36. Bxf5 Rb7 37. d6 Rd8 38. Be6+ Kf8 39. Rc7 Rxc7 40. dxc7 Ra8 41. c8=Q+ Rxc8 42. Bxc8 Bxb5 43. Bb7 Be8 44. Bxb6 Bxh5 45. Bxa5 1-0

[Event "Szuperliga - GM Szabo Laszlo csoport"]
[Site "Ajka"]
[Date "2024.12.15"]
[Round "4.10"]
[White "Pasti, Aron"]
[Black "Gara, Anita"]
[Result "1-0"]
[WhiteElo "2367"]
[BlackElo "2348"]
[PlyCount "99"]
[GameId "2123417217431940"]
[EventDate "2024.11.02"]
[EventType "team-tourn"]
[EventRounds "9"]
[EventCountry "HUN"]
[Source "chess.hu"]
[WhiteTeam "Sentimento Ajka BSK"]
[BlackTeam "Tuxera ANSK"]
[WhiteTeamCountry "HUN"]
[BlackTeamCountry "HUN"]

1. d4 Nf6 2. Bf4 d5 3. e3 c5 4. dxc5 e6 5. b4 a5 6. c3 axb4 7. cxb4 Nc6 8. Bb5 Bd7 9. Qb3 Ne4 10. a4 Qf6 11. Ra2 g5 12. Bg3 d4 13. Ne2 Nxg3 14. hxg3 dxe3 15. Qxe3 Rd8 16. Qb3 Ne5 17. O-O Qh6 18. Rd1 Be7 19. Bxd7+ Nxd7 20. Rad2 Ne5 21. Rxd8+ Bxd8 22. Qe3 Bf6 23. Qe4 Qh5 24. f3 g4 25. f4 Nc6 26. Na3 O-O 27. Nc2 Ra8 28. a5 Qg6 29. Qxg6+ hxg6 30. Rd7 Rb8 31. Kf2 Kf8 32. Ke3 Ke8 33. Rd3 Rc8 34. Nc3 Be7 35. Ne4 Rb8 36. Ke2 Kf8 37. Nd2 Bf6 38. Nc4 Be7 39. Kd2 Ke8 40. Kc3 Bf6+ 41. Kb3 Bd8 42. Nd4 Nxd4+ 43. Rxd4 Bc7 44. b5 Bd8 45. Kb4 Be7 46. b6 Ra8 47. Nd6+ Bxd6 48. Rxd6 Ke7 49. Kb5 Rc8 50. c6 1-0

[Event "Szuperliga - GM Szabo Laszlo csoport"]
[Site "Szombathely"]
[Date "2024.12.15"]
[Round "4.1"]
[White "Mazur, Stefan"]
[Black "Kozul, Zdenko"]
[Result "1-0"]
[WhiteElo "2433"]
[BlackElo "2519"]
[PlyCount "131"]
[GameId "2123410907223101"]
[EventDate "2024.11.02"]
[EventType "team-tourn"]
[EventRounds "9"]
[EventCountry "HUN"]
[Source "chess.hu"]
[WhiteTeam "Viadukt Biatorbagy"]
[BlackTeam "Haladas VSE"]
[WhiteTeamCountry "HUN"]
[BlackTeamCountry "HUN"]

1. e4 c5 2. Nf3 d6 3. d4 cxd4 4. Nxd4 Nf6 5. Nc3 a6 6. h3 e5 7. Nde2 h5 8. g3 Be7 9. Bg2 Nbd7 10. a4 b6 11. Nd5 Nxd5 12. Qxd5 Rb8 13. Be3 h4 14. O-O Nf6 15. Qd3 hxg3 16. Nxg3 g6 17. Rad1 b5 18. axb5 axb5 19. Bg5 b4 20. Rfe1 Nh5 21. Bxe7 Kxe7 22. Nxh5 Rxh5 23. Re3 Be6 24. Qd2 Rb6 25. Rd3 Qc7 26. Qe3 Qc5 27. Qxc5 dxc5 28. Ra1 Rh8 29. Ra7+ Kf6 30. Rc7 Rc8 31. Rf3+ Kg7 32. Rfxf7+ Bxf7 33. Rxc8 Rb5 34. Bf1 Ra5 35. b3 Be6 36. Rc7+ Kf8 37. Kg2 Ke8 38. h4 Bd7 39. Bd3 Ke7 40. Rb7 Kd6 41. Rb8 Ke7 42. Rb6 Be6 43. Kf3 Ra8 44. Rc6 Rc8 45. Rxc8 Bxc8 46. Kg3 Kf6 47. f4 Bd7 48. Kf3 Bc6 49. Bc4 Bd7 50. Bd5 Bh3 51. fxe5+ Kxe5 52. Bf7 Kf6 53. Be8 Be6 54. Kf4 c4 55. bxc4 Bxc4 56. e5+ Kg7 57. Kg5 b3 58. cxb3 Bxb3 59. Bxg6 Be6 60. h5 Bb3 61. h6+ Kh8 62. Kf6 Bc4 63. Bf7 Be2 64. e6 Bc4 65. e7 Bb5 66. Bg6 1-0

[Event "Szuperliga - GM Szabo Laszlo csoport"]
[Site "Szombathely"]
[Date "2024.12.15"]
[Round "4.2"]
[White "Hera, Imre Jr."]
[Black "Pacher, Milan"]
[Result "0-1"]
[WhiteElo "2526"]
[BlackElo "2310"]
[PlyCount "80"]
[GameId "2123410974159979"]
[EventDate "2024.11.02"]
[EventType "team-tourn"]
[EventRounds "9"]
[EventCountry "HUN"]
[Source "chess.hu"]
[WhiteTeam "Haladas VSE"]
[BlackTeam "Viadukt Biatorbagy"]
[WhiteTeamCountry "HUN"]
[BlackTeamCountry "HUN"]

1. Nf3 d5 2. g3 Nd7 3. d4 Nb6 4. Nc3 Nf6 5. a4 a5 6. Bg2 Bf5 7. Nh4 e6 8. Nxf5 exf5 9. O-O g6 10. Qd3 Bg7 11. Bg5 O-O 12. e3 c6 13. Ne2 Nbd7 14. b3 Qb6 15. c4 Ne4 16. Be7 Rfe8 17. Ba3 Qa6 18. Rac1 c5 19. Rfd1 cxd4 20. exd4 dxc4 21. bxc4 Nb6 22. f3 Nf6 23. Nf4 Rad8 24. Qb3 g5 25. Nh3 h6 26. Bf1 Nc8 27. c5 Qe6 28. Bc4 Nd5 29. Nf2 Nce7 30. Re1 Qd7 31. Bb2 Rf8 32. Nd3 f4 33. gxf4 gxf4 34. Re4 Kh8 35. Nxf4 Nxf4 36. Rxf4 Ng6 37. Rg4 h5 38. Rg5 Qh3 39. Rd1 Rfe8 40. Bxf7 Re2 0-1

[Event "Szuperliga - GM Szabo Laszlo csoport"]
[Site "Szombathely"]
[Date "2024.12.15"]
[Round "4.3"]
[White "Bokros, Albert"]
[Black "Ruck, Robert"]
[Result "1/2-1/2"]
[WhiteElo "2374"]
[BlackElo "2516"]
[PlyCount "61"]
[GameId "2123411009733755"]
[EventDate "2024.11.02"]
[EventType "team-tourn"]
[EventRounds "9"]
[EventCountry "HUN"]
[Source "chess.hu"]
[WhiteTeam "Viadukt Biatorbagy"]
[BlackTeam "Haladas VSE"]
[WhiteTeamCountry "HUN"]
[BlackTeamCountry "HUN"]

1. e4 c6 2. Nc3 d5 3. Nf3 Bg4 4. h3 Bxf3 5. Qxf3 e6 6. g3 Nf6 7. Bg2 Nbd7 8. O-O dxe4 9. Nxe4 Nxe4 10. Qxe4 Nf6 11. Qe2 Be7 12. c3 O-O 13. d4 Qb6 14. Bg5 Rad8 15. Rad1 Rd7 16. Bxf6 Bxf6 17. Bf3 Rfd8 18. Kg2 g6 19. h4 Qa5 20. a3 e5 21. dxe5 Qxe5 22. Qxe5 Bxe5 23. Rxd7 Rxd7 24. Rd1 Rxd1 25. Bxd1 Kg7 26. Kf3 f5 27. a4 Kf6 28. Bb3 h6 29. Ke3 g5 30. hxg5+ hxg5 31. Bc4 1/2-1/2

[Event "Szuperliga - GM Szabo Laszlo csoport"]
[Site "Szombathely"]
[Date "2024.12.15"]
[Round "4.4"]
[White "Jankovic, Alojzije"]
[Black "Vanczak, Tamas"]
[Result "1-0"]
[WhiteElo "2558"]
[BlackElo "2397"]
[PlyCount "87"]
[GameId "2123411048375435"]
[EventDate "2024.11.02"]
[EventType "team-tourn"]
[EventRounds "9"]
[EventCountry "HUN"]
[Source "chess.hu"]
[WhiteTeam "Haladas VSE"]
[BlackTeam "Viadukt Biatorbagy"]
[WhiteTeamCountry "HUN"]
[BlackTeamCountry "HUN"]

1. d4 Nf6 2. Nf3 g6 3. c4 Bg7 4. g3 O-O 5. Bg2 d6 6. O-O Nc6 7. Nc3 a6 8. Bd2 Rb8 9. Rc1 Bd7 10. d5 Na5 11. Nb1 c5 12. Qe1 b6 13. e4 e6 14. b4 Nb7 15. e5 Ng4 16. Bg5 Qc7 17. exd6 Nxd6 18. h3 Nf6 19. Ne5 exd5 20. bxc5 bxc5 21. Nc3 Be6 22. cxd5 Bd7 23. Qd1 Rfe8 24. Nc6 Ra8 25. Qa4 h6 26. Bd2 Bf5 27. Rfe1 Bd3 28. Bf4 Nh5 29. Rxe8+ Rxe8 30. Bxd6 Qxd6 31. Nb4 Bb5 32. Nxb5 axb5 33. Qxb5 Ra8 34. Qc6 Qd8 35. d6 Rc8 36. Qb7 Rb8 37. Nc6 Rxb7 38. Nxd8 Rb2 39. Nb7 Rd2 40. Kf1 Be5 41. Rxc5 Bd4 42. Ke1 Rxa2 43. d7 Bf6 44. Bd5 1-0

[Event "Szuperliga - GM Szabo Laszlo csoport"]
[Site "Szombathely"]
[Date "2024.12.15"]
[Round "4.5"]
[White "Bagi, Mate"]
[Black "Nemeth, Miklos"]
[Result "1/2-1/2"]
[WhiteElo "2426"]
[BlackElo "2425"]
[PlyCount "62"]
[GameId "2123411086447771"]
[EventDate "2024.11.02"]
[EventType "team-tourn"]
[EventRounds "9"]
[EventCountry "HUN"]
[Source "chess.hu"]
[WhiteTeam "Viadukt Biatorbagy"]
[BlackTeam "Haladas VSE"]
[WhiteTeamCountry "HUN"]
[BlackTeamCountry "HUN"]

1. e4 e5 2. Nf3 Nc6 3. Bb5 a6 4. Ba4 Nf6 5. O-O Be7 6. Re1 b5 7. Bb3 d6 8. c3 O-O 9. h3 Bb7 10. d4 Re8 11. Ng5 Rf8 12. Nf3 Re8 13. Nbd2 Bf8 14. d5 Nb8 15. Nf1 Nbd7 16. Ng3 g6 17. Nh2 c5 18. Ng4 c4 19. Bc2 Nxg4 20. Qxg4 Bg7 21. Be3 Nc5 22. b4 cxb3 23. axb3 Qc7 24. Rec1 Nd7 25. Bd3 Nc5 26. Bc2 Nd7 27. Bd3 Nc5 28. Bc2 Qc8 29. Qe2 Qc7 30. b4 Nd7 31. Bd3 Nb8 1/2-1/2